000 01529cad a22002175a 4500
001 L152841
008 110505e20101026xxk 000 0 eng d
035 _a(Sirsi) u152841
041 0 _aeng
245 0 0 _aChandrakant Babubhai Patel and Pratima Chandrakant Patel v K&J Restaurants Ltd and MP Catering Ltd
_h[electronic resource]
260 _c2010
520 _a[2010] EWCA Civ 1211, 26 October 2010. Considers whether a tenant should lose its premises because of immoral or illegal use. Claimants (P) are the landlords of premises in Tottenham Court Road in central London. Defendant (K) was granted a tenancy in 2004 under a 20 year lease. P served K with a notice under the Law of Property Act 1925 s146 to forfeit K's lease because of immoral use, the breach being irremediable. "Held": CA granted K relief from forfeiture as it was not running the brothel. K's lease with P stopped the building being used for immoral purposes. K had to pay costs at it had waited until the court case before remedying the matter.
590 _aKA
650 2 4 _aPATEL AND ANOR V K&J RESTAURANTS LTD AND ANOR
650 2 4 _aRUGBY SCHOOL (GOVERNORS) V TANNAHILL
650 2 4 _aLAW OF PROPERTY ACT 1925 S146
651 4 _aEngland and Wales
_y1543-
690 _aPROPERTY-COMMERCIAL PROPERTY-LEASEHOLD COMMERCIAL PROPERTY-COMMERCIAL LANDLORD AND TENANT-COMMERCIAL LEASES-BREACHING COMMERCIAL LEASES
856 4 0 _uhttps://www.bailii.org/ew/cases/EWCA/Civ/2010/1211.html
_zView the law report free of charge at www.bailii.org
942 _n0
999 _c83113
_d83113